Ivor Horton’s beginning Visual C++ 2005
Αποθηκεύτηκε σε:
| Κύριος συγγραφέας: | |
|---|---|
| Μορφή: | Βιβλίο |
| Γλώσσα: | Undetermined |
| Έκδοση: |
Indianapolis, IN
Wiley Pub.
2006
|
| Θέματα: | |
| Ετικέτες: |
Προσθήκη ετικέτας
Δεν υπάρχουν, Καταχωρήστε ετικέτα πρώτοι!
|
| Thư viện lưu trữ: | Trung tâm Học liệu Trường Đại học Cần Thơ |
|---|
| LEADER | 00517nam a2200181Ia 4500 | ||
|---|---|---|---|
| 001 | CTU_144220 | ||
| 008 | 210402s9999 xx 000 0 und d | ||
| 020 | |c 32.99 | ||
| 082 | |a 005.133 | ||
| 082 | |b H823 | ||
| 100 | |a Horton, Ivor | ||
| 245 | 0 | |a Ivor Horton’s beginning Visual C++ 2005 | |
| 245 | 0 | |c Ivor Horton | |
| 260 | |a Indianapolis, IN | ||
| 260 | |b Wiley Pub. | ||
| 260 | |c 2006 | ||
| 650 | |a C++ (Computer program language),Microsoft Visual C++ | ||
| 980 | |a Trung tâm Học liệu Trường Đại học Cần Thơ | ||